Movies Quiz

Random Movies or Actor Quiz

The MrWhiplash Awards - Best Lead Actor Quiz Stats

Quiz not verified by Sporcle

Challenge
Share
Tweet
Embed
Score 0/107 Timer 10:00
0 Plays Today
Year Actor % Correct
1976Robert De Niro
97.9%
1980Robert De Niro
97.9%
1983Robert De Niro
97.9%
1991Anthony Hopkins
96.7%
1992Jack Lemmon
96.7%
1951Marlon Brando
96.3%
1954Marlon Brando
96.3%
1972Marlon Brando
96.3%
1977Woody Allen
94.6%
2003Bill Murray
94.6%
1958Paul Newman
94.2%
1961Paul Newman
94.2%
1939James Stewart
93.4%
1946James Stewart
93.4%
1962Gregory Peck
92.9%
1969Dustin Hoffman
92.9%
1997Dustin Hoffman
92.9%
2004Javier Bardem
92.9%
2005Heath Ledger
92.9%
2007Javier Bardem
92.9%
2010Jesse Eisenberg
92.9%
1997Peter Fonda
92.5%
1962Peter O'Toole
92.1%
1968Peter O'Toole
92.1%
1981Henry Fonda
92.1%
1959Jack Lemmon
91.7%
1960Jack Lemmon
91.7%
1975Al Pacino
91.7%
1939Clark Gable
90.9%
1995Sean Penn
90.5%
1964Peter Sellers
89.6%
1996William H. Macy
89.6%
1984F. Murray Abraham
89.2%
1940Charles Chaplin
88.8%
1988John Cleese
87.6%
1989Michael Gambon
87.6%
Year Actor % Correct
1960Anthony Perkins
86.7%
1971Malcolm McDowell
85.9%
1975Tim Curry
85.9%
2011Ryan Gosling
85.7%
1956Yul Brynner
85.5%
1974Gene Wilder
85.5%
1933Charles Laughton
83.8%
1938Cary Grant
83.4%
1944Cary Grant
83.4%
2008Sean Penn
83%
2009Christoph Waltz
80.5%
2000Ben Kingsley
79.3%
2013James Franco
78.6%
2002Michael Caine
78.4%
1998Ian McKellen
78%
1927Buster Keaton
75.9%
1928Emil Jannings
75.1%
1990Gérard Depardieu
74.3%
1966Walter Matthau
72.6%
1941Humphrey Bogart
68.5%
1931Bela Lugosi
65.1%
1955Robert Mitchum
65.1%
1935Charles Laughton
63.1%
1957Charles Laughton
63.1%
1947James Mason
62.2%
1931Peter Lorre
59.8%
1937 Paul Muni
58.9%
1934W.C. Fields
58.1%
1963Marcello Mastroianni
58.1%
1986Bob Hoskins
57.7%
1999Bob Hoskins
57.7%
1945Trevor Howard
57.3%
2001Billy Bob Thornton
56.8%
1965Richard Burton
55.6%
1943Roger Livesey
55.2%
1987Bruno Ganz
51%
Year Actor % Correct
2004Bruno Ganz
51%
1936Walter Huston
50.6%
1949Alec Guinness
50.6%
1925Lon Chaney
49.4%
1973Donald Sutherland
49.4%
1950Toshirô Mifune
41.9%
1994Terence Stamp
41.5%
1972Klaus Kinski
40.2%
1979Klaus Kinski
40.2%
1982Klaus Kinski
40.2%
1922Max Schreck
39%
1924Emil Jannings
32.8%
1926Emil Jannings
32.8%
1930Emil Jannings
32.8%
1921Jackie Coogan
32.4%
1984Philip Baker Hall
25%
2012Denis Lavant
25%
1957Victor Sjöström
24.9%
1929Maurice Chevalier
21.4%
1960Laurence Olivier
20.3%
2006Ulrich Mühe
19.1%
1952Carlo Battisti
18.3%
1967Alain Delon
17.8%
1942Monty Woolley
16.6%
1953Chishu Ryu
16.2%
1993Leslie Cheung
15.8%
1920Werner Krauss
14.5%
1948Anton Walbrook
14.1%
1985Tatsuya Nakadai
14.1%
1970Melvyn Douglas
13.7%
1919Conrad Veidt
13.3%
1980Günter Lamprecht
12.9%
1932Michel Simon
10.8%
1979David Bennent
9.1%
1978Volker Spengler
8.3%

You're not logged in!

Compare scores with friends on all Sporcle quizzes.
Join for Free
OR
Log In

You Might Also Like...

Show Comments

Extras

Created Nov 29, 2009ReportNominate
Tags:Actor Quiz, award, lead, Lead Actor

Top Quizzes Today


Score Distribution

Your Account Isn't Verified!

In order to create a playlist on Sporcle, you need to verify the email address you used during registration. Go to your Sporcle Settings to finish the process.

Report this User

Report this user for behavior that violates our Community Guidelines.

Details: